Cicero Letters to his friends

Αποθηκεύτηκε σε:
Λεπτομέρειες βιβλιογραφικής εγγραφής
Κύριος συγγραφέας: Cicero, Marcus Tullius
Άλλοι συγγραφείς: Williams, W. Glynn (Μεταφραστής), Cary, M. (Μεταφραστής)
Μορφή: Βιβλίο
Γλώσσα:English
Latin
Δημοσίευση: Cambridge, Mass. ; London, England : Harvard University Press, 1979-1990
Σειρά:Loeb classical library ; ; 205, 216, 230
Θέματα:
Ετικέτες: Προσθήκη ετικέτας
Δεν υπάρχουν, Καταχωρήστε ετικέτα πρώτοι!

MARC

LEADER 00000nam a2200000 i 4500
001 1/66932
008 960724m19791990 eng d
020 |a 0-674-99225-3 (τ.25) 
020 |a 0-674-99253-9 (τ.27) 
020 |a 0-674-99238-5 (τ.26) 
035 |l 10029910 
040 |a GR-MY-UA  |b gre  |e aacr 
041 0 |a eng  |a lat 
082 0 |a 876.01  |2 (22) 
100 1 |a Cicero, Marcus Tullius. 
245 1 0 |a Cicero /  |c [Cicero, Marcus Tullius] ; μετάφραση: W.Glynn Williams, M. Cary,  |p Letters to his friends 
260 |a Cambridge, Mass. ; London, England :   |b Harvard University Press,   |c 1979-1990 
300 |a 28τ. ;  |c 17 εκ. 
490 1 |a Loeb classical library  |v ; 205 , 216, 230 
504 |a Περιλαμβάνει βιβλιογραφικές αναφορές και ευρετήρια 
505 0 |a τ.25: Letters to his friends I.-- τ.26: Letters to his friends II.-- τ.27: Letters to his friends.-- 
600 1 0 |a Cicero Marcus Tullius  |x Correspondence. 
650 0 0 |a Statesmen  |z Rome  |x Correspondence. 
650 0 0 |a Authors, Latin  |x Correspondence. 
700 1 |a Williams, W. Glynn.  |4 trl 
700 1 |a Cary, M.  |4 trl 
774 1 |t Cicero 
830 0 |a Loeb classical library ;  |v ; 205, 216, 230 
852 |a INST  |b CHIOS  |e 19960724  |h 876.01 CIC  |p 005200008833  |q 005200008833  |t BK  |y 0  |z τ.27 
852 |a INST  |b CHIOS  |e 19960724  |h 876.01 CIC  |p 005200008834  |q 005200008834  |t BK  |y 0  |z τ.26 
852 |a INST  |b CHIOS  |e 19960724  |h 876.01 CIC  |p 005200008835  |q 005200008835  |t BK  |y 0  |z τ.25 
852 |a INST  |b CHIOS  |e 19960724  |h 876.01 CIC  |p 005200008833  |q 005200008833  |t BK  |v τ.27:  |y 0  |z τ.27 
852 |a INST  |b CHIOS  |e 19960724  |h 876.01 CIC  |p 005200008834  |q 005200008834  |t BK  |v τ.26:  |y 0  |z τ.26 
852 |a INST  |b CHIOS  |e 19960724  |h 876.01 CIC  |p 005200008835  |q 005200008835  |t BK  |v τ.25:  |y 0  |z τ.25 
853 |a INST  |b CHIOS  |h 876.01 CIC 
909 |a Χ  |b 031841 
909 |a Χ  |b 031942 
909 |a Χ  |b 031963 
922 |a 2ΕΛΗ  |b 199311  |c ΦΡΑΓΚΟΜΙΧΑΛΟΣ  |d LEADER BOOKS